Proust et le théâtre. (notice n° 1654218)
[ vue normale ]
| 000 -LEADER | |
|---|---|
| fixed length control field | 01509cam a2200157 4500500 |
| 005 - DATE AND TIME OF LATEST TRANSACTION | |
| control field | 20260208005858.0 |
| 041 ## - LANGUAGE CODE | |
| Language code of text/sound track or separate title | fre |
| 042 ## - AUTHENTICATION CODE | |
| Authentication code | dc |
| 100 10 - MAIN ENTRY--PERSONAL NAME | |
| Personal name | Gil, Marie |
| Relator term | author |
| 245 00 - TITLE STATEMENT | |
| Title | Proust et le théâtre. |
| 260 ## - PUBLICATION, DISTRIBUTION, ETC. | |
| Date of publication, distribution, etc. | 2006.<br/> |
| 500 ## - GENERAL NOTE | |
| General note | 60 |
| 520 ## - SUMMARY, ETC. | |
| Summary, etc. | Après les recensions critiques que son Essai sur la vie de Sénèque (1778) suscite dans la presse périodique, Diderot publie une nouvelle version de son texte, l’Essai sur les règnes de Claude et de Néron (1782). Cette seconde mouture est considérablement augmentée car elle intègre un nombre important d’extraits des recensions, accompagnés de commentaires. Dans cette étude, il s’agit d’une part d’évaluer la critique qu’opère Diderot des critiques littéraires de son temps et ses dispositifs polémiques principaux. D’autre part, on examine dans l’Essai la mise en œuvre de deux conceptions de la lecture critique, paradoxalement mais intimement liées : l’une est politique, instrumentale, ouverte sur les débats du temps ; l’autre est personnelle, visant un partage spirituel au sein de filiations éthiques à travers les siècles. Une méditation soutenue sur le rôle de la critique dans la postérité des livres et des idées est le fruit de cette mise en œuvre. |
| 786 0# - DATA SOURCE ENTRY | |
| Note | Revue d'histoire littéraire de la France | 106 | 4 | 2006-10-01 | p. 901-912 | 0035-2411 |
| 856 41 - ELECTRONIC LOCATION AND ACCESS | |
| Uniform Resource Identifier | <a href="https://shs.cairn.info/revue-d-histoire-litteraire-de-la-france-2006-4-page-901?lang=fr&redirect-ssocas=7080">https://shs.cairn.info/revue-d-histoire-litteraire-de-la-france-2006-4-page-901?lang=fr&redirect-ssocas=7080</a> |
Pas d'exemplaire disponible.




Réseaux sociaux